[Event "XXVII Memorial Edoardo Crespi A"]
[Site "Milano ITA"]
[Date "2006.12.09"]
[Round "4"]
[White "Nessi, Silvio"]
[Black "Barlocco, Carlo"]
[Result "0-1"]
[WhiteElo "2012"]
[BlackElo "2198"]
[PlyCount "52"]
[EventDate "2006.12.07"]

1. d4 e6 2. c4 a6 3. Nc3 Nf6 4. e4 Bb4 5. Bd3 d5 6. cxd5 exd5 7. e5 Ne4 8. Qc2
Nc6 9. Be3 Bf5 10. Nf3 O-O 11. O-O Bxc3 12. bxc3 b5 13. Rfd1 Na5 14. Nd2 c5 15.
Nxe4 dxe4 16. Bxe4 Bxe4 17. Qxe4 cxd4 18. cxd4 Nc4 19. d5 Re8 20. Bd4 Rc8 21.
Re1 Nb6 22. Bxb6 Qxb6 23. Rac1 b4 24. d6 Rcd8 25. Qd5 a5 26. Rc7 Qxc7 0-1

[Event "XXVII Memorial Edoardo Crespi A"]
[Site "Milano ITA"]
[Date "2006.12.09"]
[Round "4"]
[White "Pace, Pietro Dario"]
[Black "Brugo, Marco"]
[Result "1/2-1/2"]
[WhiteElo "2233"]
[BlackElo "2091"]
[PlyCount "111"]
[EventDate "2006.12.07"]

1. e4 e6 2. d4 d5 3. Nc3 Nf6 4. Bg5 Bb4 5. e5 h6 6. Bd2 Bxc3 7. bxc3 Ne4 8. Qg4
g6 9. Bd3 Nxd2 10. Kxd2 c5 11. Nf3 Nc6 12. h4 cxd4 13. cxd4 Qa5+ 14. Ke2 b6 15.
Qf4 Ba6 16. a3 Rc8 17. Rhd1 Ne7 18. Kf1 Rxc2 19. Kg1 Bxd3 20. Rxd3 Qb5 21. Rad1
Qd7 22. Rc1 Qc7 23. Rcd1 f5 24. R3d2 Rc6 25. Re2 Kf7 26. Ree1 Kg7 27. Rc1 Rc8
28. Rxc6 Qxc6 29. h5 gxh5 30. Qh4 Ng8 31. Qxh5 Qe8 32. Qh4 Qe7 33. Qg3+ Kh7 34.
Nh2 Qg5 35. Qd3 Ne7 36. Re3 Rg8 37. Rg3 Qc1+ 38. Nf1 Rxg3 39. Qxg3 Nc6 40. Qd3
Qc4 41. Qd1 Nxd4 42. g3 Ne2+ 43. Kh2 Qg4 44. Qd3 Qe4 45. Qb5 Qxe5 46. Qd7+ Kg6
47. Qe8+ Kg7 48. Qe7+ Kg6 49. Qe8+ Kg5 50. Qg8+ Kh5 51. Kh3 Ng1+ 52. Kg2 Nf3
53. Qf7+ Kg5 54. Qg8+ Kf6 55. Qf8+ Kg6 56. Qg8+ 1/2-1/2

[Event "XXVII Memorial Edoardo Crespi A"]
[Site "Milano ITA"]
[Date "2006.12.09"]
[Round "4"]
[White "Perrotta, Leopoldo"]
[Black "Gabetto, Flaviano"]
[Result "0-1"]
[WhiteElo "1885"]
[BlackElo "2121"]
[PlyCount "30"]
[EventDate "2006.12.07"]

1. d4 d5 2. Bg5 f6 3. Bf4 Nc6 4. Nf3 e5 5. dxe5 fxe5 6. Nxe5 Qf6 7. Nd3 Bf5 8.
Bc1 O-O-O 9. a3 Bd6 10. Nd2 g5 11. Nb4 Bxb4 12. c3 Bc5 13. e3 Nge7 14. Ra2 Rdf8
15. Qe2 Ne5 0-1

[Event "XXVII Memorial Edoardo Crespi A"]
[Site "Milano ITA"]
[Date "2006.12.09"]
[Round "4"]
[White "Piantoni, Pierino"]
[Black "Pasquotto, Mirko"]
[Result "1-0"]
[WhiteElo "1973"]
[BlackElo "1978"]
[PlyCount "79"]
[EventDate "2006.12.07"]

1. c4 Nf6 2. Nc3 g6 3. g3 Bg7 4. Bg2 d6 5. e3 Nbd7 6. Nge2 O-O 7. O-O c5 8. a3
Ne5 9. d3 Nc6 10. Rb1 a6 11. b4 cxb4 12. axb4 Qc7 13. Bd2 Bf5 14. b5 axb5 15.
Nxb5 Qd7 16. e4 Bg4 17. f3 Bh3 18. Be3 Bxg2 19. Kxg2 Ra2 20. Rf2 Rfa8 21. Nec3
R2a6 22. Nd4 Nxe4 23. dxe4 Ne5 24. Rb4 Ra1 25. Nb1 R8a3 26. Nc2 Rd3 27. Qe2 Ra2
28. f4 Rxe3 29. Qxe3 Ng4 30. Qb3 Rb2 31. Qd3 Nxf2 32. Kxf2 Rxb4 33. Nxb4 Qa4
34. Nd5 Qa7+ 35. Kg2 e6 36. Ne7+ Kh8 37. Qxd6 Qa2+ 38. Qd2 Bb2 39. Nc3 Qa3 40.
Qd4+ 1-0

[Event "XXVII Memorial Edoardo Crespi A"]
[Site "Milano ITA"]
[Date "2006.12.09"]
[Round "4"]
[White "Raineri, Valerio"]
[Black "Bernago, Federico"]
[Result "1/2-1/2"]
[WhiteElo "2129"]
[BlackElo "1990"]
[PlyCount "50"]
[EventDate "2006.12.07"]

1. e4 c5 2. Nf3 e6 3. d4 cxd4 4. Nxd4 a6 5. Bd3 Nf6 6. Qe2 d6 7. Nc3 Nbd7 8.
Be3 Qc7 9. O-O-O b5 10. Kb1 Nc5 11. Rde1 Be7 12. f3 b4 13. Nd1 Bd7 14. g4 Ba4
15. Nf2 Rb8 16. f4 Bb5 17. Nxb5 axb5 18. Bxb5+ Nfd7 19. Bxc5 Qxc5 20. Bxd7+
Kxd7 21. Qe3 Qa5 22. Nd3 Rhc8 23. Nc1 Ke8 24. Rd1 Qa6 25. Qb3 Qa5 1/2-1/2

[Event "XXVII Memorial Edoardo Crespi A"]
[Site "Milano ITA"]
[Date "2006.12.09"]
[Round "4"]
[White "Ramondino, Renzo"]
[Black "Aranovitch, Emiliano"]
[Result "0-1"]
[WhiteElo "2294"]
[BlackElo "2278"]
[PlyCount "80"]
[EventDate "2006.12.07"]

1. e4 c5 2. Nf3 e6 3. d4 cxd4 4. Nxd4 Nc6 5. Nb5 d6 6. c4 Nf6 7. N1c3 a6 8. Na3
Be7 9. Be2 O-O 10. O-O b6 11. Be3 Ne5 12. Qd4 Neg4 13. Bxg4 Nxg4 14. Qxb6 Nxe3
15. Qxe3 Rb8 16. Rfd1 Qa5 17. Rab1 Bb7 18. b4 Qh5 19. b5 a5 20. b6 d5 21. Nxd5
exd5 22. exd5 Rfe8 23. Nb5 Bf8 24. Qd4 Rbd8 25. Nc3 Bd6 26. h3 Qe5 27. Qxe5
Rxe5 28. Nb5 Bc5 29. Na7 Re2 30. Nc6 Ra8 31. Rb5 Bxf2+ 32. Kf1 Rxa2 33. Nxa5
R2xa5 34. Rxa5 Rxa5 35. Kxf2 Kf8 36. Ke3 Ke7 37. Kd4 Kd6 38. Rf1 Ra4 39. Kc3
Rxc4+ 40. Kd3 Bxd5 0-1

[Event "XXVII Memorial Edoardo Crespi A"]
[Site "Milano ITA"]
[Date "2006.12.09"]
[Round "4"]
[White "Salmoiraghi, Angelo"]
[Black "Di Paola, Antonio"]
[Result "1-0"]
[WhiteElo "2035"]
[BlackElo "1906"]
[PlyCount "105"]
[EventDate "2006.12.07"]

1. e4 c6 2. d3 d5 3. Nd2 e5 4. Ngf3 Bd6 5. g3 Nf6 6. Bg2 O-O 7. h3 Be6 8. O-O
a5 9. Re1 Nbd7 10. a4 Qc7 11. c3 dxe4 12. dxe4 Nc5 13. Qc2 Rad8 14. Kh2 Qb6 15.
Ng5 Nb3 16. Nxb3 Bxb3 17. Qe2 h6 18. Nf3 Rfe8 19. Nd2 Be6 20. Nc4 Bxc4 21. Qxc4
Bc5 22. Qe2 Rd7 23. f3 Red8 24. g4 Qb3 25. g5 hxg5 26. Bxg5 Be7 27. Be3 Nh7 28.
Qf2 Bg5 29. h4 Bxe3 30. Rxe3 Rd2 31. Qg3 Qxb2 32. Rg1 f6 33. Kh3 Kf7 34. Bf1 g5
35. Bc4+ Ke7 36. Kg4 b5 37. axb5 cxb5 38. Bf1 Qb3 39. Qe1 a4 40. c4 Qb4 41.
cxb5 a3 42. Qc1 a2 43. Bh3 Qb2 44. Qc7+ R8d7 45. Qc5+ R7d6 46. Ra3 Qd4 47. Ra7+
Kf8 48. Qxd4 R6xd4 49. Ra1 Rb4 50. Rc1 Rd8 51. Rxa2 Rxb5 52. Ra7 Kg8 53. Rcc7
$139 1-0

[Event "XXVII Memorial Edoardo Crespi A"]
[Site "Milano ITA"]
[Date "2006.12.09"]
[Round "4"]
[White "Stefanetti, Marco"]
[Black "Oteri, Aldo"]
[Result "0-1"]
[WhiteElo "2108"]
[BlackElo "1954"]
[PlyCount "104"]
[EventDate "2006.12.07"]

1. d4 e6 2. Nf3 d5 3. Bf4 Nf6 4. e3 c5 5. c3 Nc6 6. Nbd2 Bd6 7. Bxd6 Qxd6 8.
Nb3 cxd4 9. exd4 O-O 10. Be2 Rb8 11. O-O b5 12. a3 a5 13. Re1 b4 14. cxb4 axb4
15. a4 Ra8 16. Bd3 Ba6 17. Bxa6 Rxa6 18. Nc5 Ra7 19. b3 Rc8 20. Nd3 Ne4 21. Rc1
Rac7 22. Rc2 Na5 23. Rxc7 Rxc7 24. Qb1 Rc3 25. Rc1 Qc7 26. Rxc3 Qxc3 27. Nc1
Ng5 28. Ne2 Nxf3+ 29. gxf3 Qxf3 30. Qc2 h5 31. Nc1 h4 32. Qd3 Qxd3 33. Nxd3
Nxb3 34. Nxb4 Nxd4 35. a5 Nb5 36. Nc6 f6 37. a6 Kf7 38. a7 Nc7 39. f4 Ke8 40.
Kf2 Kd7 41. Nd4 e5 42. fxe5 fxe5 43. Nf5 g5 44. Ne3 Kc6 45. Ng4 e4 46. Ke3 Kb7
47. a8=Q+ Kxa8 48. Kd4 Kb7 49. Ne5 Kc8 50. h3 Kd8 51. Nf7+ Ke7 52. Nxg5 Ne6+
0-1

[Event "XXVII Memorial Edoardo Crespi A"]
[Site "Milano ITA"]
[Date "2006.12.09"]
[Round "4"]
[White "Villalba, Fernando"]
[Black "Ranfagni, Stefano"]
[Result "0-1"]
[WhiteElo "1911"]
[BlackElo "2037"]
[PlyCount "88"]
[EventDate "2006.12.07"]

1. d4 e6 2. Nf3 f5 3. Bf4 Nf6 4. c3 Be7 5. e3 O-O 6. Be2 d6 7. Nbd2 Nc6 8. h3
Qe8 9. O-O Bd8 10. Bc4 Kh8 11. Bb3 h6 12. Bc2 g5 13. Bg3 Rg8 14. Nh2 e5 15.
dxe5 dxe5 16. f4 gxf4 17. Bxf4 exf4 18. exf4 Qe3+ 19. Kh1 Qg3 20. Qf3 Nh5 21.
Bb3 Qxf3 22. Rxf3 Rg3 23. Rxg3 Nxg3+ 24. Kg1 Be7 25. Kf2 Nh5 26. Kf3 Nxf4 27.
Kxf4 Bd6+ 28. Kf3 Bxh2 29. g3 Bd7 30. Kg2 Re8 31. Bc4 Bxg3 32. Kxg3 Re3+ 33.
Kh2 f4 34. Bf1 Ne5 35. Nc4 Nxc4 36. Bxc4 Rxh3+ 37. Kg2 Rg3+ 38. Kf2 Bc6 39. Rg1
Rxg1 40. Kxg1 Kg7 41. Kf2 Kf6 42. b4 b6 43. a3 h5 44. Be2 h4 0-1

[Event "XXVII Memorial Edoardo Crespi A"]
[Site "Milano ITA"]
[Date "2006.12.09"]
[Round "4"]
[White "Virzi, Ettore"]
[Black "Vincenzi, Marco"]
[Result "0-1"]
[WhiteElo "1967"]
[BlackElo "2065"]
[PlyCount "110"]
[EventDate "2006.12.07"]

1. e4 c5 2. Nf3 d6 3. d4 cxd4 4. Nxd4 Nf6 5. Nc3 g6 6. Be3 Bg7 7. f3 O-O 8. Qd2
Nc6 9. O-O-O Nxd4 10. Bxd4 Be6 11. Kb1 Qc7 12. h4 Rfc8 13. h5 Qa5 14. a3 Rab8
15. hxg6 hxg6 16. Be3 Nh5 17. Nd5 Qxd2 18. Rxd2 Bxd5 19. exd5 Ng3 20. Rg1 Nxf1
21. Rxf1 b6 22. Bd4 Rc4 23. Bxg7 Kxg7 24. Re1 Kf6 25. Rde2 Rb7 26. b3 Rd4 27.
c4 b5 28. Kc2 bxc4 29. Kc3 Rxd5 30. bxc4 Ra5 31. Ra1 Ra6 32. Raa2 Ra4 33. Rec2
Ke5 34. Re2+ Kf6 35. Rec2 Rb1 36. Kd4 e6 37. Rc3 g5 38. Kd3 Rd1+ 39. Ke3 Ra5
40. Ke2 Rg1 41. Kf2 Rb1 42. Rd3 d5 43. cxd5 Rxd5 44. Rxd5 exd5 45. Ke3 Ke5 46.
g3 Rb3+ 47. Ke2 a5 48. a4 g4 49. f4+ Ke4 50. Kf2 d4 51. Re2+ Re3 52. Rb2 Rf3+
53. Kg2 d3 54. Rb7 d2 55. Rd7 Rd3 0-1

[Event "XXVII Memorial Edoardo Crespi A"]
[Site "Milano ITA"]
[Date "2006.12.09"]
[Round "5"]
[White "Amato, Andrea"]
[Black "Bonade', Massimo"]
[Result "0-1"]
[WhiteElo "2263"]
[BlackElo "2097"]
[PlyCount "86"]
[EventDate "2006.12.07"]

1. e4 c5 2. Nf3 d6 3. d4 cxd4 4. Nxd4 Nf6 5. Nc3 a6 6. Be3 e5 7. Nb3 Be6 8. f3
Nbd7 9. Qd2 Be7 10. O-O-O O-O 11. g4 b5 12. Kb1 b4 13. Na4 Qb8 14. Qg2 Qc7 15.
Nc1 Qc6 16. b3 d5 17. g5 Nh5 18. exd5 Bxd5 19. Rxd5 Qxd5 20. Bc4 Qc6 21. Qg4 g6
22. Nd3 Rad8 23. Re1 Rfe8 24. Bc1 Bf8 25. Bb2 Bd6 26. Nf2 a5 27. Qh4 Ng7 28.
Ng4 Nf5 29. Bxf7+ Kg7 30. Qh3 Re7 31. Bc4 Rde8 32. Nh6 Nd4 33. Bxd4 exd4 34.
Rxe7+ Rxe7 35. Ng8 Re1+ 36. Kb2 d3 37. c3 Be5 38. Qh6+ Kh8 39. Ne7 Re2+ 40. Kb1
bxc3 41. Nxc3 Bxc3 42. Bxd3 Rb2+ 43. Kc1 Bd2+ 0-1

[Event "XXVII Memorial Edoardo Crespi A"]
[Site "Milano ITA"]
[Date "2006.12.09"]
[Round "5"]
[White "Aranovitch, Emiliano"]
[Black "Salvador, Roland"]
[Result "0-1"]
[WhiteElo "2278"]
[BlackElo "2455"]
[PlyCount "46"]
[EventDate "2006.12.07"]

1. e4 c5 2. Nf3 Nc6 3. Bb5 Nf6 4. Nc3 Qc7 5. O-O Nd4 6. Re1 a6 7. e5 Nxb5 8.
exf6 Nxc3 9. fxg7 Bxg7 10. dxc3 d6 11. Qd5 h6 12. Qh5 e5 13. Nh4 Be6 14. f4
O-O-O 15. f5 Bd5 16. c4 Bc6 17. f6 Bf8 18. a4 Rg8 19. Be3 Kb8 20. a5 Qd7 21. b3
Qh3 22. g3 Rg4 23. Re2 Bf3 0-1

[Event "XXVII Memorial Edoardo Crespi A"]
[Site "Milano ITA"]
[Date "2006.12.09"]
[Round "5"]
[White "Astengo, Marcello"]
[Black "Ramondino, Renzo"]
[Result "1/2-1/2"]
[WhiteElo "2110"]
[BlackElo "2294"]
[PlyCount "72"]
[EventDate "2006.12.07"]

1. d4 Nf6 2. c4 g6 3. Nc3 Bg7 4. e4 d6 5. f3 O-O 6. Be3 c5 7. dxc5 dxc5 8. Qxd8
Rxd8 9. Bxc5 Nc6 10. Nge2 Nd7 11. Ba3 Nde5 12. Nf4 e6 13. Rd1 Rxd1+ 14. Nxd1
Bh6 15. Nh3 a6 16. Bd6 f6 17. Nc3 Bd7 18. Na4 Rd8 19. Nb6 Be8 20. c5 Nf7 21.
Bf4 Bf8 22. Bc7 Rd4 23. Nf4 Bxc5 24. Nxe6 Bb4+ 25. Kf2 Rd2+ 26. Kg3 Rd1 27. Nd5
Be1+ 28. Kh3 Nd4 29. Nxf6+ Kh8 30. Nxd4 Rxd4 31. Nxe8 h5 32. g3 Ng5+ 33. Kh4
Nxf3+ 34. Kh3 Ng5+ 35. Kh4 Nf3+ 36. Kh3 Ng5+ 1/2-1/2

[Event "XXVII Memorial Edoardo Crespi A"]
[Site "Milano ITA"]
[Date "2006.12.09"]
[Round "5"]
[White "Barlocco, Carlo"]
[Black "Giannetta, Paolo"]
[Result "1-0"]
[WhiteElo "2198"]
[BlackElo "1980"]
[PlyCount "83"]
[EventDate "2006.12.07"]

1. b4 e5 2. Bb2 d6 3. e3 Nf6 4. Nf3 Be7 5. Be2 Be6 6. O-O Nbd7 7. c4 a5 8. b5
O-O 9. d4 e4 10. Nfd2 c5 11. d5 Bf5 12. Nc3 Ne5 13. Qb1 Qd7 14. Ncxe4 Nfg4 15.
h3 Nh6 16. Bxe5 dxe5 17. Bd3 Bxe4 18. Nxe4 f5 19. Nc3 e4 20. Bc2 Bf6 21. Qe1
Qd6 22. Rc1 g5 23. g3 b6 24. Bd1 Ra7 25. Kg2 Rg7 26. g4 Bd8 27. gxf5 Bc7 28.
Rh1 Qe5 29. Bc2 g4 30. hxg4 Nxg4 31. Kf1 Nh2+ 32. Ke2 Nf3 33. Qd1 Qxf5 34. Bxe4
Nd4+ 35. Kd3 Qxf2 36. Rf1 Qg3 37. Rg1 Qh3 38. Rxg7+ Kxg7 39. Qh1 Qxh1 40. Rxh1
Nf5 41. Rg1+ Kf6 42. Bxf5 1-0

[Event "XXVII Memorial Edoardo Crespi A"]
[Site "Milano ITA"]
[Date "2006.12.09"]
[Round "5"]
[White "Bernago, Federico"]
[Black "Locatelli, Andrea"]
[Result "1/2-1/2"]
[WhiteElo "1990"]
[BlackElo "2138"]
[PlyCount "27"]
[EventDate "2006.12.07"]

1. e4 c5 2. Nf3 d6 3. c3 Nf6 4. Be2 g6 5. O-O Nc6 6. d4 cxd4 7. cxd4 Bg4 8. Nc3
Bg7 9. Be3 d5 10. exd5 Nxd5 11. h3 Bxf3 12. Bxf3 Nxe3 13. fxe3 O-O 14. Qb3
1/2-1/2

[Event "XXVII Memorial Edoardo Crespi A"]
[Site "Milano ITA"]
[Date "2006.12.09"]
[Round "5"]
[White "Bisignano, Giuseppe"]
[Black "Colica, Daniele"]
[Result "1-0"]
[WhiteElo "1921"]
[BlackElo "1907"]
[PlyCount "95"]
[EventDate "2006.12.07"]

1. e4 g6 2. d4 Bg7 3. Nc3 d6 4. Nf3 Bg4 5. Be3 Nd7 6. Bc4 Bxf3 7. Qxf3 Ngf6 8.
Bb3 c6 9. O-O O-O 10. Rad1 Qc7 11. Rfe1 e5 12. dxe5 dxe5 13. Rd2 Rfd8 14. a4
Nf8 15. Red1 Rxd2 16. Rxd2 Rd8 17. Rxd8 Qxd8 18. Bxa7 b6 19. g4 Ne6 20. Bxe6
fxe6 21. a5 bxa5 22. g5 Nh5 23. h4 Qd2 24. Qd1 Qxd1+ 25. Nxd1 Bf8 26. Bb8 a4
27. Bxe5 a3 28. bxa3 Bxa3 29. Ne3 Ng7 30. Nc4 Bf8 31. Kf1 Ne8 32. Ke2 Kf7 33.
Kd3 Ke7 34. Kd4 Kd7 35. Nb6+ Ke7 36. Kc5 Kd8+ 37. Kxc6 Bb4 38. Bf6+ Nxf6 39.
gxf6 Bc3 40. Nd7 Ke8 41. Kd6 Kf7 42. e5 Be1 43. f3 Bxh4 44. Nc5 h5 45. Nxe6 g5
46. c4 g4 47. fxg4 hxg4 48. Nf4 1-0

[Event "XXVII Memorial Edoardo Crespi A"]
[Site "Milano ITA"]
[Date "2006.12.09"]
[Round "5"]
[White "Bozzali, Ermanno"]
[Black "Virzi, Ettore"]
[Result "1-0"]
[WhiteElo "2099"]
[BlackElo "1967"]
[PlyCount "56"]
[EventDate "2006.12.07"]

1. d4 Nf6 2. Nf3 e6 3. c4 d5 4. Nc3 Bb4 5. Bg5 Nbd7 6. cxd5 exd5 7. e3 c5 8.
Qc2 Qa5 9. Rc1 Qxa2 10. Bd3 c4 11. Bf5 g6 12. Bxd7+ Nxd7 13. O-O Bxc3 14. Qxc3
h6 15. Bf4 Qa4 16. e4 Nf6 17. Rfe1 Be6 18. Be5 Ke7 19. Nd2 Rhd8 20. Qf3 Ng8 21.
exd5 Rxd5 22. Nxc4 Kf8 23. Nd6 Qd7 24. Qa3 Ne7 25. Ne4 Qd8 26. Nf6 Ra5 27. Qb4
Qb6 28. Qd2 Qb3 1-0

[Event "XXVII Memorial Edoardo Crespi A"]
[Site "Milano ITA"]
[Date "2006.12.09"]
[Round "5"]
[White "Brugo, Marco"]
[Black "Nannelli, Paolo"]
[Result "1/2-1/2"]
[WhiteElo "2091"]
[BlackElo "2182"]
[PlyCount "59"]
[EventDate "2006.12.07"]

1. d4 e6 2. c4 d5 3. Nc3 Be7 4. Nf3 Nf6 5. e3 O-O 6. Bd3 b6 7. O-O c5 8. b3 Bb7
9. Bb2 Nbd7 10. Rc1 Re8 11. Bb1 Rc8 12. cxd5 exd5 13. Ne2 Ne4 14. Ng3 Nxg3 15.
hxg3 Bf6 16. Qe2 g6 17. Bd3 a6 18. Rfd1 Qe7 19. a4 cxd4 20. Bxd4 Bxd4 21. Nxd4
Nc5 22. Rc2 a5 23. Bb5 Red8 24. Rdc1 Rc7 25. Qe1 Rdc8 26. b4 Na6 27. Rxc7 Rxc7
28. Rxc7 Qxc7 29. bxa5 bxa5 30. Qd2 1/2-1/2

[Event "XXVII Memorial Edoardo Crespi A"]
[Site "Milano ITA"]
[Date "2006.12.09"]
[Round "5"]
[White "Cazzaniga, Walter"]
[Black "Ferretti, Folco"]
[Result "1-0"]
[WhiteElo "2159"]
[BlackElo "2291"]
[PlyCount "109"]
[EventDate "2006.12.07"]

1. d4 Nf6 2. c4 e6 3. Nf3 b6 4. g3 Ba6 5. b3 b5 6. cxb5 Bxb5 7. Nc3 Bb4 8. Bd2
Bc6 9. Bg2 O-O 10. O-O Qc8 11. Ne5 Bxg2 12. Kxg2 Qb7+ 13. Kg1 d6 14. Nd3 Bxc3
15. Bxc3 Nbd7 16. Rc1 Nd5 17. Qd2 f5 18. Bb2 a5 19. Ba3 a4 20. b4 N7f6 21. f3
Rae8 22. e3 Rf7 23. Qe2 Qb6 24. Kh1 g5 25. e4 Ne7 26. Bb2 g4 27. e5 gxf3 28.
Qxf3 Ne4 29. Qd1 Qb7 30. Kg1 Nd5 31. Re1 Rg7 32. Qxa4 Ra8 33. Qb3 Ng5 34. Nf2
Nf4 35. d5 Qb6 36. Rc2 Ngh3+ 37. Kf1 Qb5+ 38. Qc4 Qxc4+ 39. Rxc4 Nxf2 40. gxf4
Nd3 41. exd6 Nxb2 42. Rc2 Nd3 43. dxc7 Rc8 44. d6 Nxe1 45. Kxe1 Rd7 46. Rc6 Kf7
47. b5 Rxd6 48. Rxd6 Rxc7 49. a4 Ke7 50. Rc6 Rd7 51. a5 Rd5 52. Rb6 Rd4 53. a6
Ra4 54. Rb7+ Kd6 55. a7 1-0

[Event "XXVII Memorial Edoardo Crespi A"]
[Site "Milano ITA"]
[Date "2006.12.09"]
[Round "5"]
[White "Didoni, Renato"]
[Black "Cardani, Roberto"]
[Result "0-1"]
[WhiteElo "2076"]
[BlackElo "1903"]
[PlyCount "58"]
[EventDate "2006.12.07"]

1. Nf3 Nf6 2. d4 g6 3. c4 Bg7 4. Nc3 d5 5. h3 O-O 6. Bf4 c5 7. e3 Nc6 8. Be2
dxc4 9. Bxc4 cxd4 10. exd4 a6 11. O-O b5 12. Bb3 Bb7 13. Be3 Na5 14. Bc2 Nc4
15. b3 Nxe3 16. fxe3 Rc8 17. Ne2 Nd5 18. Qd2 Nxe3 19. Qxe3 Rxc2 20. Ne1 Rxe2
21. Qxe2 Qxd4+ 22. Kh1 Qxa1 23. Qxe7 Bd5 24. Qe2 Qe5 25. Qd2 Re8 26. Nf3 Bxf3
27. gxf3 Qg3 28. Qg2 Qxg2+ 29. Kxg2 Re2+ 0-1

[Event "XXVII Memorial Edoardo Crespi A"]
[Site "Milano ITA"]
[Date "2006.12.09"]
[Round "5"]
[White "Festa, Samuele"]
[Black "Bonazzi, Edoardo"]
[Result "0-1"]
[WhiteElo "2017"]
[BlackElo "2142"]
[PlyCount "60"]
[EventDate "2006.12.07"]

1. c4 Nf6 2. Nc3 c5 3. g3 Nc6 4. Bg2 g6 5. Nf3 Bg7 6. d4 cxd4 7. Nxd4 O-O 8.
O-O Nxd4 9. Qxd4 d6 10. Rb1 Bf5 11. Ra1 Ne4 12. Qe3 Nxc3 13. bxc3 Qc7 14. Ba3
Rac8 15. Bd5 Bf6 16. Qf3 b6 17. Rac1 Bd7 18. Rfd1 Kg7 19. Qd3 Rfd8 20. Rb1 Bf5
21. e4 Bd7 22. f4 e6 23. e5 dxe5 24. Bg2 Ba4 25. Bd6 Bxd1 26. Rxd1 Qxc4 27.
fxe5 Be7 28. Bb7 Qxd3 29. Rxd3 Rc7 30. Ba6 Bxd6 0-1

[Event "XXVII Memorial Edoardo Crespi A"]
[Site "Milano ITA"]
[Date "2006.12.09"]
[Round "5"]
[White "Gabetto, Flaviano"]
[Black "Sgnaolin, Davide"]
[Result "0-1"]
[WhiteElo "2121"]
[BlackElo "2144"]
[PlyCount "80"]
[EventDate "2006.12.07"]

1. e4 c5 2. b4 cxb4 3. d4 Nf6 4. f3 e6 5. a3 bxa3 6. c3 d6 7. Bd3 Nbd7 8. Be3
Be7 9. Ne2 O-O 10. O-O a6 11. Nxa3 Rb8 12. c4 e5 13. d5 Qc7 14. Ng3 g6 15. Kh1
Nc5 16. Bh6 Re8 17. h4 Bd7 18. Bc2 b5 19. cxb5 axb5 20. h5 b4 21. hxg6 hxg6 22.
Nc4 b3 23. Bb1 Bb5 24. Nb2 Bxf1 25. Nxf1 Rec8 26. Nd2 Ncd7 27. Ndc4 Nb6 28. Bd3
Nxc4 29. Bxc4 Qc5 30. Qe2 Nh5 31. Kh2 g5 32. g3 Kh7 33. f4 Kxh6 34. Rh1 Rh8 35.
fxe5 Kg7 36. Kg2 Nxg3 37. Rxh8 Rxh8 38. Qf3 Qd4 39. Kxg3 Qg1+ 40. Qg2 Qe3+ 0-1

[Event "XXVII Memorial Edoardo Crespi A"]
[Site "Milano ITA"]
[Date "2006.12.09"]
[Round "5"]
[White "Galli, Fabio"]
[Black "Barberi, Alessandro"]
[Result "0-1"]
[WhiteElo "2066"]
[BlackElo "2147"]
[PlyCount "58"]
[EventDate "2006.12.07"]

1. e4 g6 2. d4 Bg7 3. f4 d6 4. Nf3 Nf6 5. Bd3 O-O 6. O-O c5 7. c3 cxd4 8. Nxd4
Qb6 9. Qb3 Qc5 10. Qb5 Qc7 11. Qg5 a6 12. f5 Nc6 13. Nxc6 Qxc6 14. Qh4 Qc5+ 15.
Kh1 Bd7 16. Rf3 Bb5 17. Be3 Qc6 18. Bc2 Be2 19. Rh3 Bg4 20. Rg3 Qb5 21. Bb3
Qf1+ 22. Bg1 g5 23. Qxg5 Nxe4 24. Qxg7+ Kxg7 25. Rxg4+ Kh8 26. Rxe4 Rg8 27. Re2
Qxe2 28. Bd4+ f6 29. Bxg8 Qf1+ 0-1

[Event "XXVII Memorial Edoardo Crespi A"]
[Site "Milano ITA"]
[Date "2006.12.09"]
[Round "5"]
[White "Giancotti, Eraldo"]
[Black "Arboscelli, Gregorio"]
[Result "1-0"]
[WhiteElo "2058"]
[BlackElo "1923"]
[PlyCount "65"]
[EventDate "2006.12.07"]

1. d4 Nf6 2. Nf3 g6 3. Bg5 Bg7 4. e3 O-O 5. Be2 d5 6. h3 c5 7. O-O Nc6 8. c3 b6
9. Nbd2 Bb7 10. a3 Rc8 11. b4 cxd4 12. cxd4 a6 13. b5 axb5 14. Bxb5 Na7 15. Bd3
Rc3 16. Nb1 Rc8 17. Bf4 Ne4 18. Qb3 Nc6 19. a4 Na5 20. Qb4 Re8 21. Nbd2 e6 22.
Bb5 Bf8 23. Qb2 Nxd2 24. Nxd2 Bc6 25. Rab1 Bd6 26. Ba6 Rb8 27. Bxd6 Qxd6 28.
Qc2 Bb7 29. Bxb7 Rxb7 30. Rfc1 Reb8 31. Rb5 Qa3 32. Rcb1 Qd6 33. Rxa5 1-0

[Event "XXVII Memorial Edoardo Crespi A"]
[Site "Milano ITA"]
[Date "2006.12.09"]
[Round "5"]
[White "Magrini, Fabrizio"]
[Black "Johansson, Alexander"]
[Result "1-0"]
[WhiteElo "2141"]
[BlackElo "2021"]
[PlyCount "109"]
[EventDate "2006.12.07"]

1. e4 c5 2. Nf3 d6 3. d4 cxd4 4. Nxd4 Nf6 5. Nc3 a6 6. Bg5 e6 7. f4 Qc7 8. Qf3
Be7 9. O-O-O b5 10. Bxf6 Bxf6 11. Bxb5+ axb5 12. Ndxb5 Qc5 13. Nxd6+ Kf8 14. e5
Nc6 15. exf6 gxf6 16. Nde4 Qb6 17. Qh5 h6 18. Nd6 Rh7 19. Nxc8 Rxc8 20. Rhe1
Rb8 21. Na4 Qb7 22. Re3 f5 23. Qf3 Qa7 24. Ra3 Nd4 25. Qe3 Rb4 26. Kb1 Qa5 27.
c3 Rxa4 28. Rxa4 Qxa4 29. Qxd4 Qxd4 30. Rxd4 Rg7 31. g3 f6 32. a4 e5 33. fxe5
fxe5 34. Rd5 Re7 35. Kc2 Kf7 36. b4 Ke6 37. c4 h5 38. a5 Ra7 39. Rb5 e4 40. Kc3
Rd7 41. Rd5 Rc7 42. Kd4 e3 43. Re5+ Kf6 44. Rxe3 Rd7+ 45. Kc5 Rc7+ 46. Kd5 Rd7+
47. Kc6 Rd4 48. Kc5 Rd7 49. b5 Rc7+ 50. Kd5 Rc8 51. Re6+ Kf7 52. b6 Ra8 53. b7
Rxa5+ 54. c5 Rb5 55. Rb6 1-0

[Event "XXVII Memorial Edoardo Crespi A"]
[Site "Milano ITA"]
[Date "2006.12.09"]
[Round "5"]
[White "Marinone, Lucio"]
[Black "Farachi, Francesco"]
[Result "1-0"]
[WhiteElo "1980"]
[BlackElo "2101"]
[PlyCount "79"]
[EventDate "2006.12.07"]

1. d4 d5 2. Nf3 Nf6 3. c4 e6 4. Nc3 c6 5. Bg5 h6 6. Bh4 Nbd7 7. e3 dxc4 8. Bxc4
b5 9. Bd3 Bb7 10. O-O Be7 11. Bg3 a6 12. Qe2 O-O 13. Rfd1 Qb6 14. a4 Rac8 15.
Nd2 Rfe8 16. Kh1 Ba8 17. f4 Nd5 18. Rf1 Rcd8 19. Qf2 N7f6 20. h3 Nxc3 21. bxc3
c5 22. axb5 axb5 23. Rfb1 cxd4 24. cxd4 b4 25. Nc4 Qb7 26. Na5 Qd5 27. Qe2 Rc8
28. Be1 Ne4 29. Nc4 Qb7 30. Kh2 Red8 31. Ra4 Qc6 32. Rba1 b3 33. Ra6 Qb7 34.
Ra7 b2 35. Nxb2 Qb3 36. Rxe7 Nc3 37. Bxc3 Rxc3 38. Raa7 Rf8 39. Bb1 Rc1 40. Ba2
1-0

[Event "XXVII Memorial Edoardo Crespi A"]
[Site "Milano ITA"]
[Date "2006.12.09"]
[Round "5"]
[White "Orsi, Matteo"]
[Black "Piantoni, Pierino"]
[Result "1-0"]
[WhiteElo "1945"]
[BlackElo "1973"]
[PlyCount "65"]
[EventDate "2006.12.07"]

1. d4 Nf6 2. c4 e6 3. Nf3 b6 4. g3 Bb4+ 5. Bd2 Be7 6. Nc3 Bb7 7. Bg2 O-O 8. O-O
Ne4 9. Nxe4 Bxe4 10. Ne5 Bxg2 11. Kxg2 d6 12. Nf3 d5 13. Qa4 c5 14. dxc5 bxc5
15. cxd5 exd5 16. Qg4 Bf6 17. Bg5 Nc6 18. e3 Rb8 19. b3 Rb4 20. Bxf6 Qxf6 21.
Qg5 Qe6 22. Rfd1 Rd8 23. Rd2 Rg4 24. Qh5 Rg6 25. Rad1 Ne7 26. Ng5 Qf5 27. Qxh7+
Kf8 28. h4 f6 29. Qh8+ Ng8 30. e4 Qe5 31. Rxd5 Rxd5 32. Rxd5 Qe8 33. Rd8 1-0

[Event "XXVII Memorial Edoardo Crespi A"]
[Site "Milano ITA"]
[Date "2006.12.09"]
[Round "5"]
[White "Oteri, Aldo"]
[Black "Facchetti, Gianni"]
[Result "0-1"]
[WhiteElo "1954"]
[BlackElo "2121"]
[PlyCount "62"]
[EventDate "2006.12.07"]

1. e4 e5 2. Nf3 Nc6 3. Bb5 Bc5 4. c3 Nf6 5. d4 Bb6 6. O-O O-O 7. Bg5 h6 8. Bxf6
Qxf6 9. Bxc6 Qxc6 10. Nxe5 Qxe4 11. Nd2 Qf5 12. Ndc4 d6 13. Ne3 Qe4 14. N5c4 d5
15. Nxb6 axb6 16. Qb3 Be6 17. Rae1 Ra5 18. f4 Rfa8 19. a3 Qd3 20. f5 Rb5 21.
Qa2 Bd7 22. Nxd5 Qd2 23. Nxc7 Rxb2 24. Qxb2 Qxb2 25. Nxa8 Qxc3 26. Rd1 Ba4 27.
Rf3 Qa5 28. Rb1 Qxa8 29. Rxb6 Bc6 30. Rd3 Qa5 31. Rb4 Qxf5 0-1